| 000 | 00896cai a22001935a 4500 | ||
|---|---|---|---|
| 001 | L156056 | ||
| 008 | 120426u2012 xxk g 000 0 eng d | ||
| 035 | _a(Sirsi) u156056 | ||
| 041 | 0 | _aeng | |
| 110 | 2 |
_aInternational Energy Agency _96049 |
|
| 245 | 0 | 0 |
_aInternational Energy Agency _h[electronic resource] |
| 260 |
_aParis _bIEA _c2012 |
||
| 520 | _aInternational Energy Agency (IEA) is an autonomous organisation which works to ensure reliable, affordable and clean energy for its 28 member countries and beyond. The IEA's four main areas of focus are; energy security, economic development, environmental awareness and engagement worldwide. Includes extensive statistics on all its member countries. | ||
| 590 | _aKA | ||
| 651 | 4 | _aInternational | |
| 690 |
_aEnergy _96237 |
||
| 856 | 4 | 0 |
_uhttps://www.iea.org/index.asp _zView the website free of charge at www.iea.org/index |
| 942 | _n0 | ||
| 999 |
_c120971 _d120971 |
||